Economics (Record no. 5562)
[ view plain ]
| 000 -LEADER | |
|---|---|
| fixed length control field | 01697cam a2200277 a 4500 |
| 001 - CONTROL NUMBER | |
| control field | 14193339 |
| 003 - CONTROL NUMBER IDENTIFIER | |
| control field | OSt |
| 005 - DATE AND TIME OF LATEST TRANSACTION | |
| control field | 20180423175631.0 |
| 008 - FIXED-LENGTH DATA ELEMENTS--GENERAL INFORMATION | |
| fixed length control field | 051208s2006 njua b 001 0 eng |
| 010 ## - LIBRARY OF CONGRESS CONTROL NUMBER | |
| LC control number | 2005035715 |
| 020 ## - INTERNATIONAL STANDARD BOOK NUMBER | |
| International Standard Book Number | 0130675520 |
| 040 ## - CATALOGING SOURCE | |
| Original cataloging agency | DLC |
| Transcribing agency | DLC |
| Modifying agency | DLC |
| 042 ## - AUTHENTICATION CODE | |
| Authentication code | pcc |
| 050 00 - LIBRARY OF CONGRESS CALL NUMBER | |
| Classification number | HB171.5 |
| Item number | .H79 2006 |
| 082 00 - DEWEY DECIMAL CLASSIFICATION NUMBER | |
| Classification number | 338.5 |
| Edition number | 22 |
| Item number | HUB 2006 |
| 100 1# - MAIN ENTRY--PERSONAL NAME | |
| Personal name | Hubbard, R. Glenn; Patrick, O'Brien Anthony |
| 9 (RLIN) | 11606 |
| 245 10 - TITLE STATEMENT | |
| Title | Economics |
| 260 ## - PUBLICATION, DISTRIBUTION, ETC. (IMPRINT) | |
| Place of publication, distribution, etc. | New Jersey; |
| Name of publisher, distributor, etc. | Pearson Prentice Hall, |
| Date of publication, distribution, etc. | 2006. |
| 300 ## - PHYSICAL DESCRIPTION | |
| Extent | xliii, 981 p. : |
| Other physical details | ill. ; |
| Dimensions | 29 cm. |
| 504 ## - BIBLIOGRAPHY, ETC. NOTE | |
| Bibliography, etc | Includes bibliographical references and index. |
| 505 0# - FORMATTED CONTENTS NOTE | |
| Formatted contents note | Economics, foundations and models -- Tradeoffs, the market system, and comparative advantage -- Where prices come from, the interaction of demand & supply -- Economic efficiency and government price setting -- Externalities, environmental policy, and public goods -- Elasticity, the responsiveness of demand and supply -- Firms, corporate governance, and the stock market -- Comparative advantage and the gains from international trade -- Consumer behavior -- Production, technology, and costs -- Firms in perfectly competitive markets -- Monopolistic competition, the competitive model in a more realistic setting -- Oligopoly, firms in less competitive markets -- Monopoly and antitrust policy -- Pricing strategy -- The markets for labor and other factors of production -- The economics of information -- The tax system and the distribution of income. |
| 650 #0 - SUBJECT ADDED ENTRY--TOPICAL TERM | |
| Topical term or geographic name as entry element | Economics |
| 9 (RLIN) | 11607 |
| 856 41 - ELECTRONIC LOCATION AND ACCESS | |
| Materials specified | Table of contents only |
| Uniform Resource Identifier | http://www.loc.gov/catdir/toc/ecip064/2005035715.html |
| 906 ## - LOCAL DATA ELEMENT F, LDF (RLIN) | |
| a | 7 |
| b | cbc |
| c | orignew |
| d | 1 |
| e | ecip |
| f | 20 |
| g | y-gencatlg |
| 942 ## - ADDED ENTRY ELEMENTS (KOHA) | |
| Source of classification or shelving scheme | Dewey Decimal Classification |
| Koha item type | Open Shelf |
| Withdrawn status | Lost status | Source of classification or shelving scheme | Damaged status | Not for loan | Home library | Current library | Date acquired | Inventory number | Total Checkouts | Full call number | Barcode | Date last seen | Koha item type |
|---|---|---|---|---|---|---|---|---|---|---|---|---|---|
| Dewey Decimal Classification | MUST Main Library | MUST Main Library | 17/02/2017 | 10/32094 | 338.5 HUB 2006 | 2017-0225 | 17/02/2017 | Open Shelf |
